Is it shareholder or stakeholder? : an empirical investigation of strategic management approach to Malaysian companies /
Saved in:
| 主要作者: | |
|---|---|
| 格式: | Thesis 圖書 |
| 語言: | English |
| 出版: |
2005.
|
| 主題: | |
| 標簽: |
添加標簽
沒有標簽, 成為第一個標記此記錄!
|
| LEADER | 01090cam a2200265 a 4500 | ||
|---|---|---|---|
| 001 | u715785 | ||
| 003 | SIRSI | ||
| 008 | 051215s2005 my a t 00 0 eng m | ||
| 040 | |a UMK |d UMM | ||
| 043 | |a a-my--- | ||
| 090 | |a HF1008 |b UM 2005 Ang | ||
| 098 | |a HF1008 |b UM 2005 Ang | ||
| 100 | 1 | 0 | |a Ang, Chuan Hock. |
| 245 | 1 | 0 | |a Is it shareholder or stakeholder? : |b an empirical investigation of strategic management approach to Malaysian companies / |c Ang Chuan Hock. |
| 260 | |c 2005. | ||
| 300 | |a x, 88 leaves : |b ill. ; |c 30 cm. | ||
| 502 | |a Dissertation (M.B.A.) -- Fakulti Perniagaan dan Perakaunan, Universiti Malaya, 2005. | ||
| 504 | |a Bibliography: leaves 82-88. | ||
| 650 | 0 | |a Stockholders |z Malaysia. | |
| 650 | 0 | |a Corporations |z Malaysia. | |
| 650 | 0 | |a Strategic planning |z Malaysia. | |
| 710 | 2 | 0 | |a Universiti Malaya. |b Fakulti Perniagaan dan Perakaunan. |
| 596 | |a 1 19 | ||
| 999 | |a HF1008 UM 2005 ANG |w LC |c 1 |i A511794599 |l STACKS |m P19KOTA |r Y |s Y |t TESIS |u 22/12/2005 | ||
| 999 | |a HF1008 UM 2005 ANG |w LC |c 1 |i A512449022 |d 27/11/2014 |e 27/11/2014 |f 12/4/2006 |g 1 |l STACKS |m P01UTAMA |n 2 |r Y |s Y |t TESIS |u 6/4/2006 | ||
